[Event "Mittelfrank Regionalliga Sud-West 2223"]
[Site "Mittelfranken"]
[Date "2023.02.05"]
[Round "6.2"]
[White "Ruprecht, Martin"]
[Black "Bindl, Roland"]
[Result "1-0"]
[WhiteElo "2075"]
[BlackElo "2054"]
[PlyCount "53"]
[EventDate "2022.10.09"]
[EventType "team-tourn"]
[EventRounds "9"]
[EventCountry "GER"]
[SourceTitle "EXT 2024"]
[Source "ChessBase"]
[SourceDate "2023.10.10"]
[SourceVersion "1"]
[SourceVersionDate "2023.10.10"]
[SourceQuality "1"]
[WhiteTeam "Marktoberdorf"]
[BlackTeam "Haunstetten II"]
[WhiteTeamCountry "GER"]
[BlackTeamCountry "GER"]

1. d4 Nf6 2. c4 e6 3. Nc3 d5 4. Nf3 a6 5. a4 Bb4 6. Bg5 h6 7. Bh4 g5 8. Bg3 Ne4 9. Nd2 Nxg3 10. hxg3 dxc4 11. e3 b6 12. Bxc4 Bb7 13. 0-0 Nd7 14. Rc1 h5 15. Be2 g4 16. Bd3 Nf6 17. Nde4 Nxe4 18. Bxe4 Bxe4 19. Nxe4 f5 20. Qb3 Qe7 21. Rc6 Kd7 22. Rfc1 Rac8 23. Qc4 Bc5 24. dxc5 Kxc6 25. cxb6+ Kxb6 26. Qc6+ Ka5 27. b4+ 1-0

[Event "Mittelfranken Landesliga Sued 2122"]
[Site "Mittelfranken"]
[Date "2021.11.14"]
[Round "2.4"]
[White "Schindler, Sven"]
[Black "Bindl, Roland"]
[Result "1-0"]
[WhiteElo "2148"]
[BlackElo "2067"]
[PlyCount "53"]
[EventDate "2021.10.24"]
[EventType "team-tourn"]
[EventRounds "9"]
[EventCountry "GER"]
[SourceTitle "EXT 2024"]
[Source "ChessBase"]
[SourceDate "2023.10.10"]
[SourceVersion "1"]
[SourceVersionDate "2023.10.10"]
[SourceQuality "1"]
[WhiteTeam "Garching II"]
[BlackTeam "Haunstetten"]
[WhiteTeamCountry "GER"]
[BlackTeamCountry "GER"]

1. c4 c6 2. Nc3 d5 3. cxd5 cxd5 4. d4 Nf6 5. Nf3 Nc6 6. Bf4 a6 7. e3 Bg4 8. Be2 Bxf3 9. Bxf3 e6 10. 0-0 Be7 11. Rc1 Rc8 12. Na4 b5 13. Nc5 Bxc5 14. Rxc5 0-0 15. Qd2 Qa5 16. Qxa5 Nxa5 17. Rfc1 Nc4 18. b3 Nb6 19. Bc7 Nbd7 20. Rc6 Ra8 21. Ba5 e5 22. h3 h6 23. Rd6 e4 24. Be2 Ra7 25. a4 bxa4 26. bxa4 Rb8 27. Rxa6 1-0

[Event "Landesliga Sued 1920"]
[Site "Bayern"]
[Date "2020.02.09"]
[Round "6.7"]
[White "Bindl, Roland"]
[Black "Demel, Paul"]
[Result "0-1"]
[WhiteElo "2063"]
[BlackElo "2077"]
[PlyCount "62"]
[EventDate "2019.09.29"]
[EventType "team-tourn"]
[EventRounds "9"]
[EventCountry "GER"]
[SourceTitle "EXT 2021"]
[Source "ChessBase"]
[SourceDate "2020.10.23"]
[SourceVersion "1"]
[SourceVersionDate "2020.10.23"]
[SourceQuality "1"]
[WhiteTeam "Haunstetten"]
[BlackTeam "Kriegshaber"]
[WhiteTeamCountry "GER"]
[BlackTeamCountry "GER"]

1. d4 Nf6 2. Bf4 d5 3. e3 c5 4. Nc3 cxd4 5. exd4 a6 6. Nf3 Nc6 7. h3 Bf5 8. Nh4 Bd7 9. Be3 e6 10. Nf3 Bd6 11. Bd3 Rc8 12. 0-0 h6 13. Nd2 e5 14. dxe5 Nxe5 15. Nf3 0-0 16. Re1 Nxd3 17. cxd3 b5 18. Qd2 Bf5 19. a4 b4 20. Ne2 Qc7 21. Bf4 Bxf4 22. Nxf4 Qd6 23. Ne2 Rfe8 24. Ned4 Bd7 25. a5 Nh5 26. Nc2 Nf4 27. Rxe8+ Rxe8 28. Re1 Rxe1+ 29. Nfxe1 b3 30. Nd4 Qf6 31. Qe3 Qxd4 0-1

[Event "Landesliga Sued 1718"]
[Site "Bayern"]
[Date "2017.11.12"]
[Round "2.6"]
[White "Bindl, Roland"]
[Black "Herich, Manfred"]
[Result "1/2-1/2"]
[WhiteElo "2066"]
[BlackElo "2102"]
[PlyCount "56"]
[EventDate "2017.10.22"]
[EventType "team-tourn"]
[EventRounds "9"]
[EventCountry "GER"]
[SourceTitle "EXT 2022"]
[Source "ChessBase"]
[SourceDate "2021.10.06"]
[SourceVersion "1"]
[SourceVersionDate "2021.10.06"]
[SourceQuality "1"]
[WhiteTeam "Haunstetten TSV"]
[BlackTeam "Muenchen Tarrasch"]
[WhiteTeamCountry "GER"]
[BlackTeamCountry "GER"]

1. d4 Nf6 2. Nf3 d5 3. e3 c5 4. b3 cxd4 5. exd4 Bg4 6. h3 Bh5 7. g4 Bg6 8. Ne5 Nc6 9. Nxg6 hxg6 10. Bb2 e6 11. Nd2 Bd6 12. Bg2 Rc8 13. a3 Qe7 14. 0-0 Bf4 15. Re1 0-0 16. Nf3 Ne4 17. Bf1 f5 18. c4 fxg4 19. hxg4 Qf6 20. Bg2 Rc7 21. Qd3 Rcf7 22. Rxe4 dxe4 23. Qxe4 Re7 24. Re1 g5 25. Re2 Qf7 26. b4 a6 27. Bc3 Rc8 28. Bf1 Qf6 1/2-1/2